| 000 | 00910nam a22002417a 4500 | ||
|---|---|---|---|
| 003 | UA-OsUOA | ||
| 001 | 59385 | ||
| 007 | ta | ||
| 008 | 20090323b un ||||| |||| 00| 0 ukr d | ||
| 100 | _aСверчков В. В. | ||
| 090 |
_a343.234 _bС24 |
||
| 942 | _cBK | ||
| 040 |
_aUA-OsUOA _brus _cUA-OsUOA _dUA-OsUOA |
||
| 245 |
_aОсвобождение от уголовной ответственности, прекращение уголовного дела (преследования), отказ в его возбуждении: проблемы, теории и практика _bМонография |
||
| 300 | _a586 с. | ||
| 955 | _a2 | ||
| 041 | _arus | ||
| 080 | _a343.234 | ||
| 020 | _a978-5-94201-509-2 | ||
| 260 |
_aСПб _bЮридический центр Пресс _c2008 |
||
| 650 | 7 |
_a343 Кримінальне право. Карні порушення _2UDC |
|
| 999 |
_c345465 _d345465 |
||